Geography Quiz

Random Geography or Blitz Quiz

'W' States Blitz Quiz Stats

 Plays Quiz Updated Jun 1, 2016

Also try: 'G' States Blitz
Challenge
Share
Tweet
Embed
Score 0/11 Timer 01:00
14 Plays Today
% Correct
Washington
90.5%
Wyoming
88%
Wisconsin
85.2%
New York
83.6%
West Virginia
80%
New Jersey
77.4%
New Mexico
76.1%
New Hampshire
71.9%
Hawaii
58.2%
Iowa
51.4%
Delaware
50%

You're not logged in!

Compare scores with friends on all Sporcle quizzes.
OR
Log In

You Might Also Like...

Show Comments

Extras

Top Quizzes Today


Score Distribution

Your Account Isn't Verified!

In order to create a playlist on Sporcle, you need to verify the email address you used during registration. Go to your Sporcle Settings to finish the process.

Report this User

Report this user for behavior that violates our Community Guidelines.

Details: